| 000 | 00452nam a2200145Ia 4500 | ||
|---|---|---|---|
| 008 | 220831s9999||||xx |||||||||||||| ||und|| | ||
| 020 | _a9789351342960 | ||
| 082 |
_a650 _bLES/B |
||
| 100 | _aLesicar, Raymond V. & Flatley, Marie. E. & Pande, Neerja | ||
| 245 | 0 | _aBusiness Communication-Connecting in a Digital World: 13th Edition | |
| 250 | _a13th | ||
| 260 |
_aChennai _bMcGraw Hill Education (India) Pvt. Ltd. _c2020 |
||
| 300 | _a772 | ||
| 942 | _cPB | ||
| 999 |
_c38213 _d38213 |
||